| 000 | 00466nam a22001937a 4500 | ||
|---|---|---|---|
| 001 | sjds | ||
| 003 | sjds | ||
| 005 | 20240203172217.0 | ||
| 008 | 240203b |||||||| |||| 00| 0 eng d | ||
| 020 | _a9781786452405 | ||
| 020 | _a1786452405 | ||
| 040 | _csjds | ||
| 041 | _aeng | ||
| 100 | 1 | _aAyris, Stuart | |
| 245 | 1 | 0 |
_aBolivian Rhapsody / _cby Stuart Ayris |
| 260 |
_a[Lancashire, U.K.] : _bBeaten Track Publishing, _c2018 |
||
| 300 | _a400 pgs. | ||
| 942 | _cBK | ||
| 999 |
_c29068 _d29066 |
||